000 01047nam0a22003011 4500
001 v19\rc\1666700
005 20250619012052.0
035 _a(NLR Aleph) 004775038
090 _a4647218
_c4647218
100 _a20061002e18921892|||y0rusy50 ca
101 0 _arus
102 _aRU
105 _ay z |||||
200 1 _aК вопросу о лечении холеры с современной точки зрения
_f[Соч.] Д-ра А. Макиевского (Москва)
210 _aСанкт-Петербург
_cГуб. тип.
_dценз. 1892
215 _a6 с.
_d21
309 _aБез тит. л. и обл.
311 _aПерепеч. из газ. "Медицина"
488 0 _12001#$aМедицина
_tМедицина
700 1 _aМакиевский
_bА.И.
_f1864-
_gАнатолий Исаевич
801 0 _aRU
_bNLR
_gpsbo
801 0 _aRU
_bRuMoRGB
_2psbo
801 1 _aRU
_bProSoft-M
_2rusmarc
852 _aNLR
_j18.188.2.271
899 _aRuMoRGB
_jA 201/104
899 _aБАН
942 _cBOOK
980 _aNB